000 00302nam a22001337a 4500
999 _c58018
_d58015
020 _a978-9332541597
082 _a515.9ROO
100 _aRoop Kumar
245 _aComplex Analysis
260 _aNew Delhi:
_bPearson Education,
_c2015.
300 _a461p. ;
650 _aComplex Analysis
942 _cBK